| 000 | 00524nam a2200181Ia 4500 | ||
|---|---|---|---|
| 003 | GCL | ||
| 008 | 140319s9999 xx 000 0 eng d | ||
| 040 |
_aGCL / _cGCL |
||
| 082 | 0 | 4 |
_aCC _b962.054 _bF N |
| 100 | 1 | _aFAHMY, ISMAIL | |
| 245 | 1 | 0 |
_aNEGOTIATING FOR PEACE IN THE MIDDLE EAST / _cFAHMY, ISMAIL |
| 260 |
_a[S.N] : _bTHE AMERICAN UNIVERSITY IN CAIRO PRESS ، _c1983 |
||
| 300 | _a331 P | ||
| 650 | 0 | 4 | _aISRAEL - ARAB CONFLICT |
| 650 | 0 | 4 | _aEGYPT - HISTORY |
| 650 | 0 | 4 | _aEGYPT - FOREIGN RELATIONS |
| 942 |
_2ddc _cBK |
||
| 999 |
_c15182 _d15182 |
||